| 000 | 00665nam a2200193Ia 4500 | ||
|---|---|---|---|
| 008 | 151121s9999||||xx |||||||||||||| ||und|| | ||
| 082 | _a796।1/दाभोल | ||
| 082 | _bHNW-47770 | ||
| 100 | _aदाभोलकर नरेंद्र | ||
| 245 | _aकबड्डी | ||
| 260 | _b"महाराष्ट्र राज्य साहित्य-संस्कृति मंडळ, मुंबई" | ||
| 260 | _c-- | ||
| 300 | _a160 | ||
| 600 | _aदाभोलकर नरेंद्र | ||
| 630 | _aकबड्डी | ||
| 700 | _aदाभोलकर नरेंद्र | ||
| 730 | _aकबड्डी | ||
| 942 | _cBOOK | ||
| 999 |
_c1233661 _d1233658 |
||